Outsourcing

Saved in:
Bibliographic Details
Main Author: Géciová, Marianna
Format: Book Chapter
Language:Slovak
Tags: Add Tag
No Tags, Be the first to tag this record!

MARC

LEADER 00000naa$a2200000$$$4500
001 0134945
005 20220819114712.0
041 0 |a slo 
044 |a SK 
245 1 0 |a Outsourcing  |c Marianna Géciová 
100 1 |a Géciová, Marianna